[Event "It (open)"]
[Site "masterchessopen.com Corfu (Greece)"]
[Date "2009.09.07"]
[Round "3"]
[White "Simeonidis Ioannis (GRE)"]
[Black "Banikas Hristos (GRE)"]
[Result "0-1"]
[WhiteElo "2266"]
[BlackElo "2598"]

1.d4 Nf6 2.c4 e6 3.Nc3 Bb4 4.Nf3 c5 5.e3 O-O 6.Bd3 d5 7.O-O dxc4 8.Bxc4 Nbd7
9.Qe2 a6 10.Bd3 Ba5 11.Rd1 Qe7 12.e4 cxd4 13.Nxd4 Ne5 14.Bg5 Bd7 15.Rac1 Rfd8
16.Bb1 Be8 17.h3 b5 18.Nf3 h6 19.Bf4 Ng6 20.Bd2 b4 21.e5 Nh5 22.Ne4 Bb5 23.Qe1
Nhf4 24.Bxf4 Nxf4 25.Rxd8+ Rxd8 26.Rd1 b3 27.Rxd8+ Qxd8 28.Nc3 bxa2 29.Bxa2
Bxc3 30.bxc3 Qa5 31.c4 Qxa2 32.cxb5 axb5 33.Qe4 Nd5 34.h4 b4 35.Kh2 b3 36.Qc4
Qc2 {#R} 0-1

[Event "It (open)"]
[Site "masterchessopen.com Palma de Majorca (Spain)"]
[Date "2009.11.21"]
[Round "1"]
[White "Maruejols Claude (FRA)"]
[Black "Carlsson Pontus (SWE)"]
[Result "0-1"]
[WhiteElo "2044"]
[BlackElo "2494"]

1.d4 Nf6 2.c4 e6 3.Nc3 Bb4 4.e3 O-O 5.Bd3 d5 6.Nf3 c5 7.O-O dxc4 8.Bxc4 Nbd7
9.Qb3 cxd4 10.exd4 Be7 11.Re1 Nb6 12.Bd3 Bd7 13.Ne5 Bc6 14.Be3 Nbd5 15.a3 Nxe3
16.fxe3 Bd6 17.Nxc6 bxc6 18.e4 Ng4 19.h3 Bh2+ 20.Kh1 Bg3 21.Ne2 Bxe1 22.Rxe1
Rb8 {#R} 0-1

[Event "It (open)"]
[Site "masterchessopen.com London (England)"]
[Date "2009.12.12"]
[Round "6"]
[White "Slavin Alexei (RUS)"]
[Black "Wells Peter K (ENG)"]
[Result "0-1"]
[WhiteElo "2304"]
[BlackElo "2498"]

1.d4 Nf6 2.c4 e6 3.Nc3 Bb4 4.e3 O-O 5.Bd3 d5 6.Nf3 c5 7.O-O dxc4 8.Bxc4 Nbd7
9.Qe2 b6 10.d5 Bxc3 11.dxe6 Ne5 12.exf7+ Kh8 13.bxc3 Bg4 14.h3 Nxf3+ 15.gxf3
Bxh3 16.Re1 Ne4 17.f4 Qh4 18.Qf3 Rad8 19.Bf1 Bf5 20.Bg2 Rd6 21.Kf1 Rd2 22.Re2
Rd1+ 23.Re1 Rxc1 24.Raxc1 Nd2+ 25.Ke2 Nxf3 {#R} 0-1

[Event "Memorial L.Slutsky (cat.8)"]
[Site "masterchessopen.com Herzelia (Israel)"]
[Date "2009.12.22"]
[Round "4"]
[White "Lerner Konstantin Z (UKR)"]
[Black "Battaglini Gabriel (FRA)"]
[Result "1-0"]
[WhiteElo "2549"]
[BlackElo "2345"]

1.c4 e6 2.Nf3 d5 3.d4 Nf6 4.Nc3 Bb4 5.e3 c5 6.Bd3 O-O 7.O-O dxc4 8.Bxc4 Nbd7
9.Qe2 Nb6 10.Bd3 cxd4 11.exd4 Nbd5 12.Bd2 Be7 13.Rad1 b6 14.Ne5 Bb7 15.Ne4
Nxe4 16.Qxe4 g6 17.Bh6 Rb8 18.Bxf8 Bxf8 19.Qg4 Bh6 20.Qf3 Qe7 21.Be4 Rd8
22.Ng4 Bg7 23.Ne3 Qb4 24.Bxd5 Bxd5 25.Nxd5 Rxd5 26.Qc3 a5 27.a3 Qxc3 28.bxc3
b5 29.Rfe1 a4 30.Rb1 e5 31.Kf1 exd4 32.c4 Rd8 33.Rxb5 Bf8 34.Reb1 Rc8 35.c5
Kg7 36.R1b4 Rd8 37.Ke2 Rd5 38.Kd3 Rf5 39.c6 Bxb4 40.Rxf5 {#r} 1-0

[Event "Cup Rilton (open)"]
[Site "masterchessopen.com Stockholm (Sweden)"]
[Round "5"]
[White "De Verdier Michael (SWE)"]
[Black "Akesson Ralf (SWE)"]
[Result "1-0"]
[WhiteElo "2257"]
[BlackElo "2469"]

1.d4 Nf6 2.c4 e6 3.Nc3 Bb4 4.e3 O-O 5.Bd3 c5 6.Nf3 d5 7.O-O dxc4 8.Bxc4 Nbd7
9.Qe2 a6 10.Bd3 b6 11.Rd1 Bb7 12.a3 cxd4 13.axb4 dxc3 14.Bxa6 b5 15.Qxb5 Qc8
16.Qxb7 Qxb7 17.Bxb7 c2 18.Bd2 cxd1=Q+ 19.Rxd1 Ra2 20.Bc3 Nb6 21.b5 Nfd5
22.Bd4 Nc4 23.g3 Na5 24.Bxd5 exd5 25.Ne5 Rb8 26.Rc1 Nb3 27.Rc7 Nxd4 28.exd4
Rxb2 29.Nd7 Re8 30.b6 h5 31.b7 Kh7 32.Kg2 f6 33.Nxf6+ {#r} 1-0

[Event "It (cat.21)"]
[Site "masterchessopen.com Linares (Spain)"]
[Date "2010.02.14"]
[Round "2"]
[White "Grischuk Alexander (RUS)"]
[Black "Gelfand Boris (ISR)"]
[Result "1-0"]
[WhiteElo "2760"]
[BlackElo "2751"]

1.d4 Nf6 2.c4 e6 3.Nc3 Bb4 4.e3 O-O 5.Bd3 d5 6.Nf3 c5 7.O-O dxc4 8.Bxc4 Nbd7
9.Qe2 a6 10.a4 cxd4 11.exd4 Nb6 12.Bd3 Nbd5 13.Nxd5 Nxd5 { N } ( 13...exd5
14.Bg5 Qd6 15.Ne5 Ne4 16.Bf4 Qe7 17.f3 Nd6 18.Qf2 Bf5 19.Bxf5 Nxf5 20.Nd3 Bd6
21.Rfe1 Qd8 22.Bxd6 Qxd6 23.a5 Rac8 24.Rad1 Rc7 25.Nc5 Nxd4 26.Nxa6 Qxa6
27.Qxd4 Qxa5 { 1/2-1/2, Ivanchuk Vassily 2735 - Speelman Jonathan S 2630 ,
Reykjavik 1991 Cup World (cat.16) } ) 14.Qe4 g6 15.Bh6 Re8 16.Ne5 Bd7 17.Qf3
Qe7 18.Be4 Bc6 19.Bxd5 Bxd5 20.Qf4 f5 21.h4 Rac8 22.Rac1 Bd6 23.Rfe1 Qf6
24.Rc3 Rxc3 25.bxc3 Rc8 26.Qg3 Be4 { ?! } ( 26...Bxe5 { !? } 27.Rxe5 Qe7 28.h5
Kf7 { ? } ) 27.h5 Bxe5 28.dxe5 Qf7 29.Re3 { DA } 29...Kh8 { ? } ( { ? }
29...Rc7 30.hxg6 hxg6 31.Qg5 Rd7 32.Rg3 { ? } ) 30.Qh4 { ! } 30...gxh5 31.Rg3
Bd5 32.a5 f4 33.Rg7 Qf5 34.Qe7 Qe4 35.Qf6 {#r} 1-0

[Event "Cup Municipality"]
[Site "masterchessopen.com Tbilisi (Georgia)"]
[Date "2010.05.18"]
[Round "4"]
[White "Yegiazarian Arsen (ARM)"]
[Black "Bokuchava Madona (GEO)"]
[Result "1-0"]
[WhiteElo "2460"]
[BlackElo "2123"]

1.d4 Nf6 2.c4 e6 3.Nc3 Bb4 4.e3 O-O 5.Bd3 d5 6.Nf3 c5 7.O-O dxc4 8.Bxc4 Nbd7
9.Qe2 a6 10.a4 Qc7 11.Na2 e5 12.Nxb4 cxb4 13.a5 exd4 14.exd4 b6 15.Bg5 Bb7
16.Rac1 Qd6 17.Ne5 Nd5 18.Bd3 b5 19.Rfe1 N7f6 20.Qf3 Rab8 21.Qh3 Rbc8 22.Bxf6
Nxf6 23.Nd7 h6 24.Nxf8 Rxf8 25.Qh4 Rd8 26.Bb1 Qd5 27.f3 Qb3 28.Qf2 Qa4 29.Qc2
b3 30.Qc3 Nd5 31.Qd2 Nb4 32.Re7 Bd5 33.Qc3 Be6 34.Rxe6 fxe6 35.d5 e5 36.Qxe5
{#r} 1-0

[Event "Ch Austria"]
[Site "masterchessopen.com Vienna (Austria)"]
[Date "2010.07.24"]
[Round "1"]
[White "Kummer Helmut (AUT)"]
[Black "Wagner Stefan (AUT)"]
[Result "1-0"]
[WhiteElo "2364"]
[BlackElo "2173"]

1.d4 Nf6 2.c4 e6 3.Nc3 Bb4 4.e3 O-O 5.Bd3 d5 6.Nf3 c5 7.O-O dxc4 8.Bxc4 Nbd7
9.Qe2 a6 10.a3 Ba5 11.Rd1 Qe7 12.Bd2 Bxc3 13.Bxc3 Ne4 14.Rac1 b5 15.Bd3 Nxc3
16.Rxc3 cxd4 17.Nxd4 Nf6 18.Nc6 Qb7 19.e4 g6 20.Qf3 Kg7 21.e5 Ng8 22.Be4 Qb6
23.Ne7 Rb8 24.Rd6 Qa7 25.Nc6 Qc7 26.Nxb8 Qxb8 27.b4 f6 28.Qg3 Qa7 29.h4 fxe5
30.Qxe5+ Nf6 31.Rd4 Kg8 32.Rc7 Qb6 33.Bf3 {#r} 1-0

[Event "It (open)"]
[Site "masterchessopen.com Paleochora (Greece)"]
[Date "2010.07.25"]
[Round "5"]
[White "Zubarev Alexander (UKR)"]
[Black "Georgiadis Ioannis (GRE)"]
[Result "1-0"]
[WhiteElo "2586"]
[BlackElo "2464"]

1.d4 Nf6 2.c4 e6 3.Nc3 Bb4 4.e3 O-O 5.Bd3 d5 6.Nf3 c5 7.O-O dxc4 8.Bxc4 Nbd7
9.Qe2 Qe7 10.a3 Ba5 11.Bd2 Bc7 12.dxc5 Nxc5 13.e4 e5 14.b4 Ncd7 15.Rac1 Nb6
16.Ba2 Be6 17.Be3 Bxa2 18.Qxa2 Rfc8 19.Nb5 Nxe4 20.Qc2 Nf6 21.Nxc7 e4 22.Bxb6
exf3 23.Nd5 Qe6 24.Qxc8+ {#r} 1-0

[Event "Ch Germany (seniors)"]
[Site "masterchessopen.com Berlin (Germany)"]
[Date "2010.08.16"]
[Round "1"]
[White "Garbe Eckhard (GER)"]
[Black "Juergens Peter (GER)"]
[Result "0-1"]
[WhiteElo "1666"]
[BlackElo "2283"]

1.d4 e6 2.c4 Nf6 3.Nc3 Bb4 4.Nf3 O-O 5.e3 d5 6.Bd3 Nbd7 7.O-O dxc4 8.Bxc4 c5
9.dxc5 Qa5 10.Qc2 Qxc5 11.Bd3 b6 12.Rd1 Bb7 13.Nd4 Qg5 14.e4 Qh5 15.f3 Nc5
16.Nde2 Rac8 17.Be3 Nxd3 18.Rxd3 Bc5 19.Bxc5 Qxc5+ 20.Kh1 a5 21.Rd2 Ba6
22.Rad1 Qe3 23.Ng3 g6 24.Rd6 h5 25.Qd2 Qxd2 26.R1xd2 Rb8 27.h4 Rb7 28.Na4 Rfb8
29.f4 Kf8 30.f5 Ne8 31.Rc6 Bb5 {#R} 0-1

[Event "Olympiad"]
[Site "masterchessopen.com Khanty Mansyisk (Russia)"]
[Date "2010.10.01"]
[Round "10"]
[White "Zhigalko Andrey (BLR)"]
[Black "Almasi Zoltan (HUN)"]
[Result "0-1"]
[WhiteElo "2580"]
[BlackElo "2707"]

1.d4 Nf6 2.c4 e6 3.Nc3 Bb4 4.e3 O-O 5.Bd3 d5 6.Nf3 c5 7.O-O dxc4 8.Bxc4 Nbd7
9.a3 Ba5 10.Bd3 cxd4 11.exd4 Bxc3 12.bxc3 Qc7 13.c4 b6 14.Bb2 Bb7 15.Re1 Rad8
16.a4 Qf4 17.a5 Rfe8 18.axb6 axb6 19.Ra7 Bc6 20.h3 Ra8 21.Rxa8 Rxa8 22.Re3 Qc7
23.Ne5 Nxe5 24.Rxe5 Ra5 25.Qc2 h6 26.Rxa5 bxa5 27.d5 Bd7 28.Qd2 exd5 29.Bxf6
dxc4 30.Bc2 gxf6 31.Qxh6 f5 32.Qg5+ Kf8 33.h4 Qe5 34.h5 a4 35.Qd8+ Be8 36.Bxa4
Qa1+ 37.Kh2 Qxa4 38.Qf6 Qc6 39.Qh8+ Ke7 40.h6 Qf6 {#R} 0-1

[Event "Ch Hungary (team) 2010/11"]
[Site "masterchessopen.com Hungary"]
[Date "2010.10.10"]
[Round "1"]
[White "Sedlak Nikola (SRB)"]
[Black "Sax Gyula (HUN)"]
[Result "1-0"]
[WhiteElo "2550"]
[BlackElo "2529"]

1.d4 Nf6 2.c4 e6 3.Nc3 Bb4 4.e3 O-O 5.Bd3 d5 6.Nf3 c5 7.O-O dxc4 8.Bxc4 Nbd7
9.Qe2 b6 10.Rd1 cxd4 11.exd4 Bb7 12.d5 exd5 13.Nxd5 Re8 14.Qc2 Nxd5 15.Bxd5
Bxd5 16.Rxd5 Qe7 17.Bg5 f6 18.Rad1 Nf8 19.Be3 Kh8 20.a3 Rac8 21.Qa4 Bc5
22.Bxc5 bxc5 23.h4 Qf7 24.h5 h6 25.Nh4 Re5 26.Rxe5 fxe5 27.Qg4 Re8 28.Nf5 Rb8
29.Rd6 Rxb2 30.Rd8 Rb6 31.Nh4 Qe7 32.Rc8 Kh7 33.Qf5+ g6 34.Qe4 Rf6 35.Rb8 Qd6
36.Qb7+ Qd7 37.hxg6+ {#r} 1-0

[Event "Ch World (juniors) (under 16)"]
[Site "masterchessopen.com Porto Carras (Greece)"]
[Date "2010.10.24"]
[Round "5"]
[White "Ben Arzi Ido (ISR)"]
[Black "Sadzikowski Daniel (POL)"]
[Result "1-0"]
[WhiteElo "2183"]
[BlackElo "2351"]

1.d4 Nf6 2.c4 e6 3.Nc3 Bb4 4.e3 d5 5.Bd3 O-O 6.Nf3 c5 7.O-O dxc4 8.Bxc4 Nbd7
9.a3 Bxc3 10.bxc3 b6 11.Bd3 Bb7 12.Qe2 Be4 13.Nd2 Bxd3 14.Qxd3 e5 15.Bb2 Re8
16.Rfd1 cxd4 17.cxd4 Nc5 18.Qb5 a6 19.Qc4 exd4 20.Bxd4 Ne6 21.Bxf6 Qxf6 22.Ne4
Qe5 23.Rac1 b5 24.Qc6 Nf4 25.Nc3 Ng6 26.Ne2 Qb8 27.Nd4 Ne5 28.Qd5 Rd8 29.Qe4
Qd6 30.a4 bxa4 31.f4 Ng4 32.Qf3 Qg6 33.Nc6 Rxd1+ 34.Rxd1 {#r} 1-0

[Event "Ch Greece (w)"]
[Site "masterchessopen.com Chania (Greece)"]
[Date "2010.11.29"]
[Round "7"]
[White "Pavlidou Ekaterini (GRE)"]
[Black "Botsari Anna-Maria (GRE)"]
[Result "0-1"]
[WhiteElo "2191"]
[BlackElo "2302"]

1.d4 Nf6 2.c4 e6 3.Nc3 Bb4 4.e3 O-O 5.Bd3 d5 6.Nf3 c5 7.O-O dxc4 8.Bxc4 Nbd7
9.a3 cxd4 10.exd4 Bxc3 11.bxc3 Qc7 12.Bd3 Qxc3 13.Bf4 Qa5 14.Bd6 Re8 15.Qc2
Qd5 16.Be5 Nf8 17.Rab1 a6 18.Rb6 Qa5 19.Rfb1 Nd5 20.Ng5 f5 21.Rd6 h6 22.Nf3
Qxa3 23.Bc4 Qa5 24.h3 Rd8 25.Rbb6 Nxb6 26.Rxd8 Nxc4 27.Re8 Kf7 28.Rxf8+ Kxf8
29.Qxc4 Bd7 30.Bd6+ Kg8 31.Ne5 Rc8 32.Bc5 Qb5 33.Qa2 Re8 34.g4 b6 35.Ba3 fxg4
36.Qc2 Qa4 37.Qd3 Bb5 38.Qe3 gxh3 39.Qf3 Qc2 40.Qf7+ Kh7 41.Bf8 Qc1+ 42.Kh2
Qg5 {#R} 0-1

[Event "It \"]
[Site "masterchessopen.com Cammeray (Australia)"]
[Date "2011.01.04"]
[Round "3"]
[White "Nakauchi Gene (AUS)"]
[Black "Xie George Wendi (AUS)"]
[Result "0-1"]
[WhiteElo "2116"]
[BlackElo "2440"]

1.d4 Nf6 2.c4 e6 3.Nc3 Bb4 4.e3 O-O 5.Bd3 d5 6.Nf3 c5 7.O-O dxc4 8.Bxc4 Nbd7
9.a3 Ba5 10.Qe2 cxd4 11.exd4 Bxc3 12.bxc3 b6 13.Bg5 Qc7 14.Ne5 Bb7 15.Nxd7
Nxd7 16.Rac1 Qc6 17.f4 Rac8 18.Bd3 Qd6 19.f5 e5 20.f6 g6 21.Qg4 Rfd8 22.Qh4
Qxa3 23.Bh6 Nf8 24.Bxf8 Qxf8 25.Bf5 Rc4 26.Rce1 exd4 27.Re7 Bd5 28.Be6 Bxe6
29.Rxe6 Qc5 30.Kh1 dxc3 31.Qh6 Qf8 32.Qg5 h6 33.Qg3 c2 34.Ree1 Qc5 35.Rc1 Qg5
36.Qb3 Rd2 37.Rg1 Qd5 38.Qe3 Rh4 39.h3 Kh7 40.Kh2 Re4 41.Qf3 Ree2 42.Qxd5 Rxd5
43.Ra1 a5 44.Ra3 Rd1 45.Ra1 Rxg1 46.Rxg1 b5 47.Kg3 b4 48.Kf3 Rd2 49.Rc1 b3
50.Ke3 Rd1 {#R} 0-1

[Event "Ch Poland"]
[Site "masterchessopen.com Warsaw (Poland)"]
[Date "2011.02.20"]
[Round "9"]
[White "Kanarek Marcel (POL)"]
[Black "Macieja Bartlomiej (POL)"]
[Result "0-1"]
[WhiteElo "2444"]
[BlackElo "2613"]

1.d4 Nf6 2.c4 e6 3.Nc3 Bb4 4.e3 O-O 5.Bd3 c5 6.Nf3 d5 7.O-O dxc4 8.Bxc4 Nbd7
9.a3 cxd4 10.axb4 dxc3 11.bxc3 Qc7 12.Be2 Nd5 13.c4 Nc3 14.Qc2 Nxe2+ 15.Qxe2
b6 16.Bb2 e5 17.Rfd1 f6 18.Qd3 Rf7 19.Nd2 Nf8 20.Ne4 Be6 21.c5 Rd7 22.Qc3
Rxd1+ 23.Rxd1 a5 24.Ba3 axb4 25.Bxb4 bxc5 26.Qxc5 Qb7 27.Nd6 Qa6 28.h3 Rb8
29.Bc3 Qe2 30.Ra1 Qc2 31.Qc7 Nd7 32.Ra7 h5 33.Rb7 Ra8 34.Qc6 Ra2 35.Rxd7 Bxd7
36.Qf3 Be6 37.e4 Ra6 38.Nf5 Bxf5 39.exf5 Qc1+ 40.Kh2 Qf4+ 41.Qxf4 exf4 42.f3
Rd6 {#R} 0-1

[Event "Ch India (team)"]
[Site "masterchessopen.com Kochi (India)"]
[Date "2011.02.23"]
[Round "2"]
[White "Jagadeesh A K (IND)"]
[Black "Neelotpal Das (IND)"]
[Result "0-1"]
[WhiteElo "2100"]
[BlackElo "2458"]

1.d4 Nf6 2.c4 e6 3.Nc3 Bb4 4.e3 O-O 5.Bd3 d5 6.Nf3 c5 7.O-O dxc4 8.Bxc4 Nbd7
9.Qe2 b6 10.Rd1 cxd4 11.exd4 Bb7 12.d5 e5 13.Bg5 Bxc3 14.bxc3 h6 15.Bh4 Qc7
16.Rac1 Rac8 17.Bb3 Qd6 18.Bg3 Rfe8 19.c4 Nh5 20.Nd2 Nxg3 21.hxg3 Nc5 22.Ne4
Nxe4 23.Qxe4 h5 24.g4 hxg4 25.Qxg4 g6 26.Rc3 Rcd8 27.Rg3 Kg7 28.Qg5 Bc8 29.Bc2
e4 30.Re1 Re5 31.Qf4 Rxd5 32.Qxe4 Rd2 33.Bb3 Bf5 34.Qb7 Rd7 35.Qa8 a5 36.Rge3
Qf4 37.Rf3 Qd4 38.Rfe3 Qh4 39.Qf3 {#R} 0-1

[Event "Zt"]
[Site "masterchessopen.com Gaborone (Botswana)"]
[Date "2011.04.02"]
[Round "2"]
[White "Gaealafshwe Barileng (BOT)"]
[Black "Domingos Catarino (ANG)"]
[Result "0-1"]
[WhiteElo "2117"]
[BlackElo "2242"]

1.Nf3 Nf6 2.c4 e6 3.Nc3 d5 4.d4 Bb4 5.e3 c5 6.Bd3 dxc4 7.Bxc4 O-O 8.O-O Nbd7
9.Qe2 a6 10.a4 cxd4 11.exd4 Qc7 12.Bd2 Nb6 13.Bb3 Qd8 14.Bg5 h6 15.Bh4 Be7
16.Rfd1 Nbd5 17.Ne5 Nxc3 18.bxc3 Qc7 19.c4 Bd7 20.c5 Bc6 21.Bg3 Ne4 22.Bf4 Nc3
23.Qg4 Nxd1 24.Nxf7 Qa5 25.Rxd1 Bxa4 26.Nxh6+ Kh8 27.Nf5 Rxf5 28.Qh3+ Kg8
29.Bxe6+ Rf7 30.Qh5 Bxd1 31.Qxf7+ Kh8 32.g4 Qe1+ 33.Kg2 Qe4+ 34.Kh3 Qf3+
35.Bg3 Qxf7 36.Bxf7 Rd8 37.d5 Bxc5 38.Bc7 Rf8 39.Be6 Rxf2 40.d6 Bxd6 41.Bxd6
Rf6 {#R} 0-1

[Event "Czech League 2010/11 (1st) East"]
[Site "masterchessopen.com Czech Republic"]
[Date "2011.04.03"]
[Round "11"]
[White "Zilka Stepan (CZE)"]
[Black "Vyskocil Neklan (CZE)"]
[Result "1-0"]
[WhiteElo "2517"]
[BlackElo "2308"]

1.d4 Nf6 2.c4 e6 3.Nc3 Bb4 4.e3 O-O 5.Bd3 c5 6.Nf3 d5 7.O-O dxc4 8.Bxc4 Nbd7
9.Qe2 a6 10.a3 Ba5 11.Rd1 Qe7 12.Bd2 b5 13.Ba2 Bb6 14.dxc5 Nxc5 15.e4 Bb7
16.Bg5 h6 17.Bh4 g5 18.Nxg5 hxg5 19.Bxg5 e5 20.Qf3 Kg7 21.Bxf6+ Qxf6 22.Qxf6+
Kxf6 23.Rd6+ Kg7 24.Rxb6 Rad8 25.f3 Rd3 26.Rc1 Rfd8 27.b4 Rxc3 28.Rxc3 Na4
29.Rc7 Rd1+ 30.Kf2 Nxb6 31.Rxf7+ Kg6 32.Rxb7 Na4 33.Bb3 Rd2+ 34.Ke3 {#r} 1-0

[Event "Ch Quebec (invitational)"]
[Site "masterchessopen.com Montreal (Canada)"]
[Date "2011.07.24"]
[Round "2"]
[White "Le Roux Jean-Pierre (FRA)"]
[Black "Kleiman Jake (USA)"]
[Result "1-0"]
[WhiteElo "2522"]
[BlackElo "2382"]

1.d4 Nf6 2.c4 e6 3.Nc3 Bb4 4.e3 O-O 5.Bd3 d5 6.Nf3 c5 7.O-O dxc4 8.Bxc4 Nbd7
9.a3 cxd4 10.axb4 dxc3 11.bxc3 Qc7 12.Be2 Nd5 13.Ba3 N7b6 14.Qd4 Nxc3 15.Bd3
Ncd5 16.b5 Re8 17.Qh4 h6 18.Rac1 Qd8 19.Qg3 Qf6 20.Rfd1 e5 21.Bb2 Nd7 22.Bb1
N5b6 23.h4 a6 24.Nxe5 Rxe5 25.Bxe5 Nxe5 26.Qxe5 Be6 27.Qc7 Bd5 28.e4 {#r} 1-0

[Event "It (cat.8)"]
[Site "masterchessopen.com Torre Blanca (Argentina)"]
[Date "2011.07.26"]
[Round "4"]
[White "Real De Azua Ernesto (ARG)"]
[Black "Valdes Escobar Alvaro (CHI)"]
[Result "1-0"]
[WhiteElo "2452"]
[BlackElo "2385"]

1.d4 Nf6 2.c4 e6 3.Nc3 Bb4 4.e3 O-O 5.Bd3 c5 6.Nf3 d5 7.O-O dxc4 8.Bxc4 Nbd7
9.Qe2 cxd4 10.exd4 a6 11.Bd3 b6 12.a3 Be7 13.Bg5 Bb7 14.Rad1 Nd5 15.Qe4 g6
16.Qh4 Bxg5 17.Nxg5 h5 18.Qg3 Qf6 19.Nce4 Qf4 20.Nd6 Bc6 21.Rc1 Ba4 22.Ngxf7
Rxf7 23.Qxg6+ Kf8 24.Qxe6 Ne7 25.Nxf7 Qxf7 26.Qh6+ Qg7 27.Qxh5 Bc6 28.Qh3 Nf6
29.Rfe1 Bd7 30.Qf3 Rd8 31.Re5 Bg4 32.Qf4 Nd5 33.Qd2 a5 34.Rg5 Qd7 35.Rg6 Be6
36.Qh6+ Ke7 37.Re1 Rf8 38.Bf5 Nc7 39.Rg7+ Rf7 40.Rxf7+ Kxf7 41.Qg6+ Ke7
42.Qg7+ {#r} 1-0

[Event "Memorial M.Botvinnik (open)"]
[Site "masterchessopen.com St. Petersburg (Russia)"]
[Date "2011.08.15"]
[Round "4"]
[White "Levin Evgeny A (RUS)"]
[Black "Bazeev German (RUS)"]
[Result "1-0"]
[WhiteElo "2481"]
[BlackElo "2291"]

1.d4 Nf6 2.c4 e6 3.Nc3 Bb4 4.e3 c5 5.Bd3 O-O 6.Nf3 d5 7.O-O dxc4 8.Bxc4 Nbd7
9.Qe2 cxd4 10.exd4 Bxc3 11.bxc3 Qc7 12.Ba3 Re8 13.Ne5 b6 14.f4 Bb7 15.Rac1 a6
16.Bd3 b5 17.c4 Qa5 18.Bd6 bxc4 19.Nxc4 Qd5 20.Be5 Nxe5 21.dxe5 Qd4+ 22.Kh1
Be4 23.Bxe4 Qxe4 24.Qf2 Ng4 25.Qg3 Qg6 26.Nd6 Re7 27.Qf3 Rf8 28.Rc8 Ra7
29.Rxf8+ Kxf8 30.h3 {#r} 1-0

[Event "Ch Serbia (team Premier)"]
[Site "masterchessopen.com Valjevo (Serbia)"]
[Date "2011.09.02"]
[Round "7"]
[White "Roiz Michael (ISR)"]
[Black "Naiditsch Arkadij (GER)"]
[Result "0-1"]
[WhiteElo "2669"]
[BlackElo "2706"]

1.d4 Nf6 2.c4 e6 3.Nc3 Bb4 4.e3 O-O 5.Bd3 d5 6.Nf3 c5 7.O-O dxc4 8.Bxc4 Nbd7
9.Qe2 Qe7 10.a3 Ba5 11.Bd2 b6 12.e4 Bb7 13.e5 Ng4 14.Bg5 f6 15.exf6 Ndxf6
16.Qxe6+ Qxe6 17.Bxe6+ Kh8 18.Nb5 Nh6 19.Bxh6 gxh6 20.Ne5 Nh5 21.Nd6 Bxg2
22.Kxg2 Nf4+ 23.Kh1 Nxe6 24.Rg1 Ng5 25.h4 Rad8 26.Nb7 Rxd4 27.hxg5 Bd2 28.g6
Rxf2 29.Nf7+ Kg7 30.Rg2 Rh4+ 31.Kg1 Rxg2+ 32.Kxg2 hxg6 33.Rd1 Bf4 34.Nfd8 Kf6
35.Rd7 Kf5 36.Nd6+ Kg4 37.Ne6 Rh2+ 38.Kg1 Bxd6 39.Rxd6 Rxb2 40.Nc7 Kf5 {#R}
0-1

[Event "It (open)"]
[Site "masterchessopen.com Goiania (Brazil)"]
[Date "2011.09.18"]
[Round "5"]
[White "Correa Lorenna Martins (BRA)"]
[Black "Okamura Milton Kasuo (BRA)"]
[Result "1-0"]
[WhiteElo "1840"]
[BlackElo "2122"]

1.d4 Nf6 2.c4 e6 3.Nc3 Bb4 4.Nf3 O-O 5.e3 d5 6.Bd3 c5 7.O-O dxc4 8.Bxc4 Nbd7
9.Qb3 a6 10.Ng5 Nb6 11.Rd1 Qe7 12.Nce4 Nxe4 13.Nxe4 Nxc4 14.Qxc4 b5 15.Qc2 c4
16.Ng3 Bb7 17.e4 Qh4 18.d5 exd5 19.exd5 Rad8 20.Qf5 g6 21.Bg5 gxf5 22.Bxh4
Rxd5 23.Rxd5 Bxd5 24.Nxf5 Re8 25.Bf6 Re1+ 26.Rxe1 Bxe1 27.Ne7+ {#r} 1-0

[Event "Cup Mayors (open)"]
[Site "masterchessopen.com Mumbai (India)"]
[Date "2011.09.19"]
[Round "5"]
[White "Aleksandrov Aleksej (BLR)"]
[Black "Laxman R R (IND)"]
[Result "1-0"]
[WhiteElo "2609"]
[BlackElo "2455"]

1.d4 Nf6 2.c4 e6 3.Nc3 Bb4 4.e3 O-O 5.Bd3 d5 6.Nf3 c5 7.O-O dxc4 8.Bxc4 Nbd7
9.Qe2 cxd4 10.exd4 Nb6 11.Bb3 Bd7 12.Ne5 Bc6 13.Bg5 Be7 14.Rad1 Nfd5 15.Bc1 a5
16.Rd3 a4 17.Bc2 g6 18.Bh6 Bg5 19.Nxc6 bxc6 20.Bxf8 Nf4 21.Qe5 f6 22.Qd6 Nxd3
23.Bxd3 Qxf8 24.Qxe6+ Kh8 25.Ne4 Rd8 26.Nxg5 fxg5 27.Qxc6 Rxd4 28.Qxb6 Rxd3
29.Qb5 Rd2 30.Qxa4 Rxb2 31.Qd4+ Qg7 32.Qd8+ Qg8 33.Qxg8+ Kxg8 34.Ra1 Kf7 35.a4
Rb6 36.a5 Ra6 37.Kf1 Ke6 38.Ke2 Kd5 39.Kf3 Kd4 40.Kg4 h6 41.f3 Kc4 42.Ra4+ Kb3
43.Re4 Rxa5 44.Re6 Ra4+ 45.Kg3 Rh4 46.Rxg6 Kc4 47.h3 Kd5 48.Kh2 Ke5 49.g4 Kf4
50.Kg2 h5 {#r} 1-0

[Event "Ch Europe (active)"]
[Site "masterchessopen.com Warsaw (Poland)"]
[Date "2011.12.17"]
[Round "2"]
[White "Korobov Anton (UKR)"]
[Black "Malec Sebastian (POL)"]
[Result "1-0"]
[WhiteElo "2660"]
[BlackElo "2136"]

1.d4 Nf6 2.c4 e6 3.Nc3 Bb4 4.e3 O-O 5.Bd3 d5 6.Nf3 c5 7.O-O dxc4 8.Bxc4 Nbd7
9.a3 Bxc3 10.bxc3 Qc7 11.Bd3 Rd8 12.e4 e5 13.d5 c4 14.Bc2 h6 15.a4 Nc5 16.Qe2
b6 17.Ba3 Nfd7 18.Rad1 Ba6 19.Nh4 Nd3 20.Nf5 Kh7 21.Bd6 Qb7 22.f4 g6 23.Qg4
Nf6 24.Qh4 Ng8 {#r} 1-0

[Event "Ch Europe"]
[Site "masterchessopen.com Plovdiv (Bulgaria)"]
[Date "2012.03.30"]
[Round "10"]
[White "Duzhakov Ilya (RUS)"]
[Black "Georgiadis Ioannis (GRE)"]
[Result "0-1"]
[WhiteElo "2303"]
[BlackElo "2435"]

1.d4 Nf6 2.c4 e6 3.Nc3 Bb4 4.e3 O-O 5.Bd3 d5 6.Nf3 c5 7.O-O dxc4 8.Bxc4 Nbd7
9.a3 Ba5 10.Qe2 a6 11.Ba2 b5 12.dxc5 Bxc3 13.bxc3 Nxc5 14.Rd1 Qb6 15.Bd2 Bb7
16.c4 Rfd8 17.Bc3 Nce4 18.Bd4 Qa5 19.Qb2 Rab8 20.c5 Rbc8 21.Rac1 Nxc5 22.Bxf6
gxf6 23.Qxf6 Ne4 24.Qe7 Rxd1+ 25.Rxd1 Qc7 26.Qxc7 Rxc7 27.Bb1 Kf8 28.Kf1 Ke7
29.Ne5 f6 30.Nd3 Rc3 31.f3 Nd6 32.Kf2 Rxa3 33.Nc5 h6 34.Rd4 Rc3 35.Nxb7 Nxb7
36.Rh4 Nc5 37.Rxh6 b4 38.h4 Rc1 39.Rh7+ Kd6 40.Bg6 b3 41.Rh8 b2 42.Rb8 f5 {#R}
0-1

[Event "It \"]
[Site "masterchessopen.com Altenkirchen (Germany)"]
[Date "2012.06.09"]
[Round "6"]
[White "Bruehl Andreas (GER)"]
[Black "Sumets Andrey (UKR)"]
[Result "0-1"]
[WhiteElo "2346"]
[BlackElo "2587"]

1.d4 Nf6 2.c4 e6 3.Nf3 d5 4.Nc3 Bb4 5.e3 O-O 6.Bd3 c5 7.O-O dxc4 8.Bxc4 Nbd7
9.Qe2 cxd4 10.exd4 Nb6 11.Bd3 Bd7 12.Bg5 Bc6 13.Ne5 Be7 14.Nxc6 bxc6 15.Rfd1
Nbd5 16.Ne4 Qb6 17.Rac1 Rfb8 18.Nxf6+ Bxf6 19.Bxf6 Nxf6 20.b3 Rd8 21.Be4 Rd6
22.Bf3 Rad8 23.g3 Nd5 24.Rc4 Ne7 25.g4 Rxd4 26.Rdxd4 Rxd4 27.Rxd4 Qxd4 28.Qa6
g5 29.Qb7 Ng6 30.Qxc6 Qa1+ 31.Kg2 Nf4+ 32.Kg3 Qg1+ 33.Bg2 Ne2+ 34.Kh3 Qxf2
{#R} 0-1

[Event "Memorial L.Polugaevsky (open)"]
[Site "masterchessopen.com Samara (Russia)"]
[Date "2012.07.09"]
[Round "5"]
[White "Timofeev Artyom (RUS)"]
[Black "Vokarev Sergey (RUS)"]
[Result "1-0"]
[WhiteElo "2641"]
[BlackElo "2437"]

1.d4 Nf6 2.c4 e6 3.Nc3 Bb4 4.e3 O-O 5.Bd3 c5 6.Nf3 d5 7.O-O dxc4 8.Bxc4 Nbd7
9.Qe2 b6 10.Rd1 cxd4 11.exd4 Bb7 12.d5 Bxc3 13.dxe6 Bxf3 14.gxf3 fxe6 15.Bxe6+
Kh8 16.bxc3 Qc7 17.Be3 Rae8 18.Qc4 Qxc4 19.Bxc4 Ne5 20.Be2 h6 21.Rd4 Rc8
22.Rc1 Rfd8 23.Rxd8+ Rxd8 24.c4 Ned7 25.Rc3 Nc5 26.Ra3 Rd7 27.Bf1 Kg8 28.Bh3
Re7 29.Kf1 g5 30.Bf5 Ne8 31.Bxc5 bxc5 32.Ra6 h5 33.Be4 Kf8 34.Rh6 Ng7 35.Bd5
Re5 36.Ra6 h4 37.f4 gxf4 38.Rxa7 Nf5 39.a4 Nd4 40.Rf7+ Ke8 41.Rxf4 {#r} 1-0